Relaciones humanas: comportamiento humano en el trabajo (Registro nro. 4531)

Detalles MARC
000 -CABECERA
campo de control de longitud fija 01090aam a2200361 4500
005 - FECHA Y HORA DE ACTUALIZACIÓN
campo de control 20161121153358.0
008 - LONGITUD FIJA
campo de control de longitud fija 150413b xxu||||| |||| 00| 0 spa d
041 ## - IDIOMA
Código de idioma del texto/pista de sonido o título separado
082 ## - CLASIFICACIÓN DECIMAL DEWEY
Número de clasificación 651.37 D919r9
100 ## - AUTOR PERSONAL
Nombre de persona Dubrin, Andrew
245 ## - TÍTULO PROPIAMENTE DICHO
Título Relaciones humanas: comportamiento humano en el trabajo
250 ## - EDICIÓN
Mención de edición 9 edición
260 ## - PIE DE IMPRENTA
Lugar de publicación, distribución, etc. México
Nombre del editor, distribuidor, etc. Pearson
Fecha de publicación, distribución, etc. 2008
300 ## - DESCRIPCIÓN FÍSICA
Extensión 384 páginas
650 ## - Materia General
Materia general RELACIONES HUMANAS
650 ## - Materia General
Materia general LIDERAZGO
650 ## - Materia General
Materia general HABILIDADES INTERPERSONALES
650 ## - Materia General
Materia general DIFERENCIAS INDIVIDUALES
650 ## - Materia General
Materia general PERSONALIDAD
650 ## - Materia General
Materia general INTELIGENCIA
650 ## - Materia General
Materia general COMUNICACION INTERPERSONAL
650 ## - Materia General
Materia general HABILIDADES POLITICAS
650 ## - Materia General
Materia general ETICA
650 ## - Materia General
Materia general BUSQUEDA DE EMPLEO
650 ## - Materia General
Materia general TRABAJO EN EQUIPO
650 ## - Materia General
Materia general TOMA DE DECISIONES
650 ## - Materia General
Materia general REALCIONES INTERCULTURALES
650 ## - Materia General
Materia general SOLUCION DE CONFLICTOS
650 ## - Materia General
Materia general MOTIVACION
650 ## - Materia General
Materia general SUPERACION
650 ## - Materia General
Materia general CAPACITACION
942 ## - Punto de Acceso Adicional Koha
Tipo de ítem Koha Libro
Existencias
Estado perdido Estado dañado No para préstamo Biblioteca permanente Biblioteca actual Signatura completa Código de barras Precio efectivo a partir del Tipo de ítem
      Departamento de Biblioteca y Documentación Alfonso Chase Brenes Departamento de Biblioteca y Documentación Alfonso Chase Brenes 651.37 D919r9 13429 15/12/2016 Libro
      Departamento de Biblioteca y Documentación Alfonso Chase Brenes Departamento de Biblioteca y Documentación Alfonso Chase Brenes 651.37 D919r9 13430 15/12/2016 Libro
      Departamento de Biblioteca y Documentación Alfonso Chase Brenes Departamento de Biblioteca y Documentación Alfonso Chase Brenes 651.37 D919r9 14819 15/12/2016 Libro
      Departamento de Biblioteca y Documentación Alfonso Chase Brenes Departamento de Biblioteca y Documentación Alfonso Chase Brenes 651.37 D919r9 14820 15/12/2016 Libro